| 000 | 00620nam a2200217 a 4500 | ||
|---|---|---|---|
| 999 |
_c861 _d861 |
||
| 008 | 191106r20102011ii a|||g |||| 001 0 eng d | ||
| 040 | _aKO | ||
| 041 | 0 | _aeng | |
| 044 | _aii | ||
| 082 | 0 | 4 |
_223 _a620.112 _bSu164 |
| 100 | 1 | _aSubramanian, R. | |
| 245 | 1 | 0 |
_aStrength of Materials : _bTheory and Problems / _cR. Subramanian |
| 260 |
_aNew Delhi : _bOxford University Press, _c2010, reprinted 2011 |
||
| 300 |
_ax, 548 p. : _bill. ; _c24 cm. |
||
| 504 | _aIncludes index. | ||
| 650 | 0 |
_aStrains and stresses _vTextbooks |
|
| 650 | 0 |
_aDeformations (Mechanics) _vTextbooks |
|
| 904 | _aS_JOY | ||
| 942 | _cBK | ||